[Event "Delft Prinsenstad op-C"]
[Site "Delft"]
[Date "2012.04.08"]
[Round "6"]
[White "Westerhuis, Maurice"]
[Black "Loke, Jim"]
[Result "1-0"]
[WhiteElo "1433"]
[BlackElo "1655"]
[PlyCount "71"]
[EventDate "2012.04.06"]
[EventType "swiss"]
[EventRounds "6"]
[EventCountry "NED"]
[SourceTitle "EXT 2013"]
[Source "ChessBase"]
[SourceDate "2012.11.22"]
[SourceVersion "1"]
[SourceVersionDate "2012.11.22"]
[SourceQuality "1"]

1. b3 e5 2. Bb2 d6 3. e3 g6 4. Nf3 Bg7 5. Be2 Ne7 6. d4 e4 7. Nfd2 d5 8. c4 c6 9. Nc3 0-0 10. 0-0 Be6 11. a4 a6 12. b4 b6 13. b5 f5 14. cxd5 Nxd5 15. Nc4 axb5 16. axb5 Rxa1 17. Qxa1 f4 18. Nxe4 cxb5 19. Ne5 fxe3 20. fxe3 Nxe3 21. Rxf8+ Bxf8 22. Bxb5 Nf5 23. Qd1 Bd5 24. Qg4 Bg7 25. h3 Be6 26. Ng5 Bxe5 27. Nxe6 Qd5 28. dxe5 Qxb5 29. Bc3 Qb3 30. Qg5 Qxe6 31. Qd8+ Kg7 32. Qxb8 Ne3 33. Qb7+ Kh6 34. Qf3 Nf5 35. g4 Nh4 36. Qf8+ 1-0

[Event "Delft Prinsenstad op-C"]
[Site "Delft"]
[Date "2012.04.07"]
[Round "3"]
[White "Westerhuis, Maurice"]
[Black "De Lange, Gerard"]
[Result "1-0"]
[WhiteElo "1433"]
[BlackElo "1668"]
[PlyCount "93"]
[EventDate "2012.04.06"]
[EventType "swiss"]
[EventRounds "6"]
[EventCountry "NED"]
[SourceTitle "EXT 2013"]
[Source "ChessBase"]
[SourceDate "2012.11.22"]
[SourceVersion "1"]
[SourceVersionDate "2012.11.22"]
[SourceQuality "1"]

1. b3 e5 2. Bb2 Nc6 3. e3 Nf6 4. Nf3 d6 5. Be2 Be7 6. d4 e4 7. Nfd2 Bf5 8. c4 Nb4 9. 0-0 Nd3 10. Bxd3 exd3 11. Nc3 0-0 12. f3 c6 13. Nde4 d5 14. Nxf6+ Bxf6 15. cxd5 cxd5 16. Na4 b6 17. Qd2 Qd7 18. Nc3 Rfe8 19. Kh1 Rac8 20. Rac1 Bg5 21. f4 Bf6 22. a4 a6 23. Na2 b5 24. axb5 Qxb5 25. Rxc8 Rxc8 26. Rc1 Qxb3 27. Rxc8+ Bxc8 28. Bc1 a5 29. h3 a4 30. Kh2 h6 31. Nb4 a3 32. Bxa3 Qxa3 33. Nxd3 Qd6 34. Qe2 Ba6 35. Qd2 Bc4 36. Nf2 Qa3 37. Ng4 Be7 38. Qf2 h5 39. Ne5 f6 40. Ng6 Bb4 41. Qf3 Qd3 42. Qxh5 Qxe3 43. Qh8+ Kf7 44. Qh5 Ke6 45. Qh8 Qxd4 46. Qe8+ Kf5 47. g4# 1-0